| 000 | 00543cam a2200181 4500500 | ||
|---|---|---|---|
| 005 | 20260405001722.0 | ||
| 041 | _afre | ||
| 042 | _adc | ||
| 100 | 1 | 0 |
_aDuru, Martin _eauthor |
| 245 | 0 | 0 | _aKant au “pays de la vérité” |
| 260 | _c2014. | ||
| 500 | _a89 | ||
| 690 | _aCosmopolitisme | ||
| 690 | _aFrontières | ||
| 690 | _aUniversel | ||
| 786 | 0 | _nPhilosophie magazine | 77 | 3 | 2014-03-01 | p. 49-50 | 1951-1787 | |
| 856 | 4 | 1 | _uhttps://shs.cairn.info/magazine-philosophie-magazine-2014-3-page-49?lang=fr&redirect-ssocas=7080 |
| 999 |
_c2050378 _d2050378 |
||